|
|
|
|
| LEADER |
00793nam a2200181Ia 4500 |
| 008 |
170128s9999 xx 000 0 und d |
| 999 |
|
|
|c 178606
|d 178606
|
| 020 |
|
|
|a 978 0195631951
|
| 020 |
|
|
|a 9780195632194
|
| 082 |
|
|
|a 891.082
|b WOM -W
|
| 245 |
|
|
|a Women writing in India
|b : 600 BC to the early Twentieth century
|
| 260 |
|
|
|c 1993
|a New Delhi
|b Oxford University Press
|
| 300 |
|
|
|a xxix; 537p.
|
| 650 |
|
|
|a Indic literature--Women authorsWomen and literature
|
| 700 |
|
|
|a "Tharu, Susie and Lalita, K. (ed.)"
|
| 942 |
|
|
|c BK
|
| 952 |
|
|
|0 0
|1 0
|4 0
|6 891_082000000000000_WOM
|7 0
|9 197900
|a WMS
|b WMS
|c REF
|d 2018-06-24
|h V1.WMS624
|i 624
|l 0
|o 891.082 WOM
|p WMS624
|r 2019-02-05
|y REF
|
| 952 |
|
|
|0 0
|1 0
|4 0
|6 891_082000000000000_WOM
|7 0
|9 197901
|a WMS
|b WMS
|c REF
|d 2018-06-24
|h V2.WMS10
|i 10
|l 0
|o 891.082 WOM
|p WMS10
|r 2019-02-05
|y REF
|